00351nam a2200133Ia 4500008004100000041001200041082001700053100001500070245005200085260003800137300000800175650001700183700001700200221030s9999 xx 000 0 und d aEnglish a105.23bJain aM. K. Jain 0aOrganic Chemistrycby M. K. Jain , S. C. Sharma bShoban Lal NaginaJalandharc2003 a307 aBB Chemistry aS. C. Sharma